LEADER 00951cam0-2200301---450- 001 990004018960403321 005 20091215133315.0 035 $a000401896 035 $aFED01000401896 035 $a(Aleph)000401896FED01 035 $a000401896 100 $a19990604d1974----km-y0itay50------ba 101 0 $aita 105 $ay-------001yy 200 1 $aCanace$etesto inedito$fGiovanni Falugi$ga cura di Riccardo Bruscagli 210 $aBologna$cCommissione per testi di lingua$d1974 215 $a83 p.$d17 cm 225 1 $aScelta di curiosità letterarie inedite o rare dal secolo 13. al 19. in appendice alla Collezione di opere inedite o rare$v266 676 $a852.3 700 1$aFalugi,$bGiovanni$0152460 702 1$aBruscagli,$bRiccardo 801 0$aIT$bUNINA$gRICA$2UNIMARC 901 $aBK 912 $a990004018960403321 952 $a850.8 SCL 112$bDip.f.m.611$fFLFBC 959 $aFLFBC 996 $aCanace$9472838 997 $aUNINA LEADER 00989nam0-22003371i-450- 001 990001448360403321 010 $a0-8247-0465-7 035 $a000144836 035 $aFED01000144836 035 $a(Aleph)000144836FED01 035 $a000144836 100 $a20000920d2000----km-y0itay50------ba 101 0 $aeng 200 1 $aCoding theory and cryptography$eThe essential$fD. R. Hankerson ...[e altri] 205 $a2nd ed. revised and expanded 210 $aNew York$cMarcel Dekker$dc2000 215 $ax, 350 p.$d25 cm 225 1 $aMonographs and textbooks in pure and applied mathematics$v234 610 0 $aTeoria delle code 676 $a003.54 700 1$aHankerson,$bDarrel R.$062843 702 1$aHankerson,$bDarrel R. 801 0$aIT$bUNINA$gRICA$2UNIMARC 901 $aBK 912 $a990001448360403321 952 $aC-8-(234$b17802$fMA1 959 $aMA1 962 $a60K25 996 $aCoding theory and cryptography$9374344 997 $aUNINA DB $aING01